| 000 | 00770nam a2200289 a 4500 | ||
|---|---|---|---|
| 003 | AR-BaBNM | ||
| 005 | 20251128210431.0 | ||
| 008 | 082120s2002 ||||||||||||||000 | spa|| | ||
| 020 | _a84-7635-118-6 | ||
| 040 | _cAR-BaBNM | ||
| 100 | 1 | _aAlvarez, Miriam | |
| 245 | 0 | 0 |
_aTipos de escrito _bnarración y descripción. 1 |
| 250 | _a2ª ed. | ||
| 260 |
_aMadrid _bArco Libros _c1994 |
||
| 300 | _a62 p. | ||
| 490 | 0 |
_aCuadernos de lengua española _vv. 5 |
|
| 500 | _aContiene referencias bibliográficas | ||
| 650 | 4 | _aRETORICA | |
| 650 | 4 | _aLINGUISTICA | |
| 650 | 4 | _aSINTAXIS | |
| 650 | 4 | _aSEMANTICA | |
| 653 | _aGRAMATICA TEXTUAL | ||
| 653 | _aANALISIS DEL DISCURSO | ||
| 800 | 1 |
_aGómez Torrego, Leonardo _edirector |
|
| 942 | _cBK | ||
| 998 | _cMARTIN | ||
| 999 |
_c15470 _d15470 |
||